[Event "16th Deltalift Open 2019"]
[Site "Halmstad"]
[Date "2019.05.30"]
[Round "2.22"]
[White "Carlsson, Ludvig"]
[Black "Segerberg, Tomas"]
[Result "1-0"]
[WhiteElo "2208"]
[BlackElo "1997"]
[Annotator "ChessBase"]
[PlyCount "75"]
[EventDate "2019.05.30"]
[EventType "swiss"]
[EventCountry "SWE"]
[SourceTitle "playchess.com"]
[Source "ChessBase"]
[SourceQuality "1"]
[TimeControl "1800+12"]

1. d4 {[%emt 0:00:00]} f5 {[%emt 0:00:00]} 2. e4 {[%emt 0:00:31]} fxe4 {[%emt 0:00:18]} 3. Nc3 {[%emt 0:00:03]} Nf6 {[%emt 0:01:13]} 4. Bg5 {[%emt 0:00:04]} Nc6 {[%emt 0:01:55]} 5. d5 {[%emt 0:00:20]} Ne5 {[%emt 0:00:02]} 6. Qe2 {[%emt 0:00:02]} Nf7 {[%emt 0:01:11]} 7. Bxf6 {[%emt 0:00:04]} exf6 {[%emt 0:00:02]} 8. Nxe4 {[%emt 0:00:04]} Bb4+ {[%emt 0:03:26]} 9. c3 {[%emt 0:00:53]} Be7 {[%emt 0:00:02]} 10. d6 {[%emt 0:01:10]} cxd6 {[%emt 0:00:27]} 11. O-O-O {[%emt 0:00:49]} O-O {[%emt 0:00:11]} 12. Qb5 {[%emt 0:01:48]} Qb6 {[%emt 0:02:39]} 13. Qxb6 {[%emt 0:01:41]} axb6 {[%emt 0:00:02]} 14. Bc4 {[%emt 0:00:03]} Kh8 {[%emt 0:03:11]} 15. Bd5 {[%emt 0:04:26]} f5 {[%emt 0:02:51]} 16. Ng3 {[%emt 0:01:17]} Ne5 {[%emt 0:00:59]} 17. f3 {[%emt 0:00:23]} g6 {[%emt 0:02:19]} 18. N1e2 {[%emt 0:00:50]} Nc6 {[%emt 0:03:57]} 19. Nd4 {[%emt 0:00:56]} Bf6 {[%emt 0:00:40]} 20. Nb5 {[%emt 0:00:30]} Be5 {[%emt 0:00:26]} 21. Kb1 {[%emt 0:00:10]} Ne7 {[%emt 0:00:19]} 22. Rhe1 {[%emt 0:01:04]} Nxd5 {[%emt 0:01:31]} 23. Rxd5 {[%emt 0:00:03]} Ra5 {[%emt 0:01:11]} 24. c4 {[%emt 0:00:04]} Kg7 {[%emt 0:00:37]} 25. b3 {[%emt 0:00:02]} h5 {[%emt 0:00:28]} 26. a4 {[%emt 0:00:10]} h4 {[%emt 0:00:29]} 27. Nf1 {[%emt 0:00:11]} Rf6 {[%emt 0:00:19]} 28. g3 {[%emt 0:00:37]} hxg3 {[%emt 0:00:13]} 29. hxg3 {[%emt 0:00:02]} f4 {[%emt 0:00:23]} 30. g4 {[%emt 0:00:05]} Rf8 {[%emt 0:00:05]} 31. Re2 {[%emt 0:00:03]} Rh8 {[%emt 0:00:02]} 32. Rh2 {[%emt 0:00:02]} Rxh2 {[%emt 0:01:00]} 33. Nxh2 {[%emt 0:00:04]} Kf6 {[%emt 0:00:14]} 34. Kc2 {[%emt 0:00:24]} Kg5 {[%emt 0:00:31]} 35. Kd3 {[%emt 0:00:15]} Kh4 {[%emt 0:01:30]} 36. Nf1 {[%emt 0:00:02]} Kh3 {[%emt 0:00:06]} 37. Ke2 {[%emt 0:00:03]} Kg2 {[%emt 0:00:06]} 38. Nd2 {[%emt 0:00:02]} 1-0

[Event "16th Deltalift Open 2019"]
[Site "Halmstad"]
[Date "2019.05.30"]
[Round "2.23"]
[White "Wahlstrom, Lennart"]
[Black "Bernhardsson, Sten"]
[Result "1/2-1/2"]
[WhiteElo "2196"]
[BlackElo "1992"]
[Annotator "ChessBase"]
[PlyCount "88"]
[EventDate "2019.05.30"]
[EventType "swiss"]
[EventCountry "SWE"]
[SourceTitle "playchess.com"]
[Source "ChessBase"]
[SourceQuality "1"]
[TimeControl "1800+12"]

1. e4 {[%emt 0:00:00]} c5 {[%emt 0:01:33]} 2. Nf3 {[%emt 0:00:00]} e6 {[%emt 0:00:02]} 3. d4 {[%emt 0:00:04]} cxd4 {[%emt 0:00:04]} 4. Nxd4 {[%emt 0:00:02]} Nc6 {[%emt 0:00:04]} 5. Be2 {[%emt 0:00:41]} Nf6 {[%emt 0:00:41]} 6. Nc3 {[%emt 0:00:03]} a6 {[%emt 0:00:09]} 7. O-O {[%emt 0:00:19]} Be7 {[%emt 0:00:15]} 8. Be3 {[%emt 0:00:38]} O-O {[%emt 0:00:10]} 9. f4 {[%emt 0:00:17]} d6 {[%emt 0:01:23]} 10. Qe1 {[%emt 0:00:52]} Bd7 {[%emt 0:01:47]} 11. Qg3 {[%emt 0:02:56]} Nxd4 {[%emt 0:01:34]} 12. Bxd4 {[%emt 0:00:03]} Bc6 {[%emt 0:00:13]} 13. Bf3 {[%emt 0:04:26]} Rc8 {[%emt 0:02:42]} 14. Rad1 {[%emt 0:02:10]} Qa5 {[%emt 0:02:19]} 15. e5 {[%emt 0:10:39]} dxe5 {[%emt 0:00:47]} 16. Bxe5 Bxf3 {[%emt 0:01:47]} 17. Qxf3 {[%emt 0:01:44]} Qb6+ {[%emt 0:02:33]} 18. Kh1 {[%emt 0:01:27]} Rfd8 {[%emt 0:00:41]} 19. f5 {[%emt 0:04:25]} Rxd1 {[%emt 0:01:59]} 20. Rxd1 {[%emt 0:00:08]} exf5 {[%emt 0:00:20]} 21. Bxf6 {[%emt 0:01:29]} Bxf6 {[%emt 0:01:02]} 22. Nd5 {[%emt 0:00:25]} Qe6 {[%emt 0:02:34]} 23. Nxf6+ {[%emt 0:00:26]} Qxf6 {[%emt 0:00:23]} 24. Qxb7 Re8 {[%emt 0:00:35]} 25. Qd7 {[%emt 0:00:36]} Qe5 {[%emt 0:00:23]} 26. h3 {[%emt 0:00:36]} g6 {[%emt 0:00:39]} 27. Qd4 {[%emt 0:00:05]} Qa5 {[%emt 0:00:33]} 28. c4 {[%emt 0:00:26]} Qxa2 {[%emt 0:01:48]} 29. c5 {[%emt 0:00:02]} Qe6 {[%emt 0:01:56]} 30. Qd6 {[%emt 0:00:23]} Qxd6 {[%emt 0:00:51]} 31. Rxd6 {[%emt 0:00:02]} Rc8 {[%emt 0:00:05]} 32. b4 {[%emt 0:00:16]} a5 {[%emt 0:00:02]} 33. bxa5 {[%emt 0:00:18]} Rxc5 {[%emt 0:00:02]} 34. a6 {[%emt 0:00:02]} Ra5 {[%emt 0:00:05]} 35. Kh2 {[%emt 0:00:19]} Kf8 {[%emt 0:00:10]} 36. Kg3 {[%emt 0:00:03]} Ra4 {[%emt 0:00:07]} 37. Kf3 {[%emt 0:00:03]} Ke7 {[%emt 0:00:02]} 38. Rb6 {[%emt 0:00:01]} g5 {[%emt 0:00:23]} 39. Ke3 {[%emt 0:00:03]} h5 {[%emt 0:00:35]} 40. Kd3 {[%emt 0:00:06]} f4 {[%emt 0:00:09]} 41. Rh6 {[%emt 0:00:36]} g4 {[%emt 0:00:18]} 42. Rxh5 {[%emt 0:00:16]} gxh3 {[%emt 0:00:19]} 43. Rxh3 {[%emt 0:00:07]} Rxa6 {[%emt 0:00:07]} 44. Ke4 {[%emt 0:00:04]} Ra2 {[%emt 0:00:47]} 1/2-1/2

[Event "16th Deltalift Open 2019"]
[Site "Halmstad"]
[Date "2019.05.30"]
[Round "2.24"]
[White "Nilsson, Eskil"]
[Black "Hansen, Lars Bo"]
[Result "0-1"]
[WhiteElo "1991"]
[BlackElo "2560"]
[Annotator "TA"]
[PlyCount "109"]
[EventDate "2019.05.30"]
[EventType "swiss"]
[EventCountry "SWE"]
[SourceTitle "playchess.com"]
[Source "ChessBase"]
[SourceQuality "1"]

{[%evp 10,109,40,37,58,45,61,-4,47,0,15,15,14,61,15,20,16,12,0,-12,-9,-53,-40,-89,-105,-153,-127,-130,-152,-163,-151,-122,-89,-99,-27,-35,-28,-22,17,-18,-11,-21,-10,-91,-94,-94,-94,-92,-99,-86,-58,-58,-62,-62,-37,-94,-66,-38,8,-21,0,0,0,0,120,7,7,0,8,0,0,0,0,0,0,0,0,-8,0,-8,0,0,0,0,0,0,0,0,0,0,0,0,0,0,8,8,8,-12,0,0,0,0]} 1. e4 g6 2. d4 Bg7 3. Nc3 d6 4. Be3 a6 5. f4 b5 6. Be2 Bb7 {B06: Modern Defence} (6... b4 7. Na4 Bb7 8. Bf3 Nf6 9. e5 Nd5 10. Bd2 Bc6 11. c4 bxc3 12. Nxc3 dxe5 13. Nxd5 Bxd5 14. dxe5 {1-0 (56) Palac,M (2600)-Indjic,A (2560) Lisbon 2017}) 7. Bf3 b4 8. Nb1 (8. e5 $14) 8... e5 ({Black should play} 8... c5 $11) 9. Ne2 Nf6 $146 ({Predecessor:} 9... exf4 10. Nxf4 Qh4+ 11. g3 Qe7 12. Nd2 Nf6 13. O-O Nxe4 14. Nxe4 Bxe4 {0-1 (61) Makka,I (2186)-Zozulia,A (2344) Gibraltar 2008}) 10. dxe5 dxe5 11. Qxd8+ Kxd8 12. Nd2 Nbd7 13. O-O-O Kc8 14. c3 a5 15. g3 Re8 16. f5 gxf5 17. exf5 Bxf3 18. Nxf3 Ng4 19. Bg1 e4 20. Ne1 Nh6 21. Bd4 Ne5 (21... Bxd4 $17 22. Nxd4 Ng4) 22. Rf1 $11 Nhg4 23. h3 $1 {[%cal Rh3g4]} Nh2 24. Rf2 (24. Bxe5 $5 Rxe5 25. Rf2 $11) 24... Bh6+ 25. Kc2 Nhf3 26. Nf4 (26. Nxf3 $11 {remains equal.} Nxf3 27. Rff1) 26... Bxf4 $17 27. gxf4 Nxe1+ ({Of course not} 27... Nxd4+ 28. Rxd4 Nd7 29. Ng2 $11) 28. Rxe1 Nd3 29. Rxe4 {[%mdl 64] [#] Remove Defender} Rxe4 (29... Ne1+ {is interesting.} 30. Rxe1 Rxe1 31. Rg2 Rf1 32. Rg7 f6) 30. Kxd3 {[%mdl 4096] Endgame KRR-KRB} Re1 31. Rg2 Ra6 32. f6 (32. Rg8+ $15 Kd7 33. Rg7) 32... Kd7 33. Rg7 {[%mdl 64] Double Attack} Ke6 (33... c5 $5 {[%cal Rc5d4]} 34. Kd2 Re4 $15) 34. Rxh7 (34. f5+ {keeps more tension.} Kxf5 35. Rxf7 c5 36. Re7 Rf1 37. Re5+) 34... c5 (34... Rf1 {seems wilder.} 35. Rh5 Rd6 36. Re5+ Kxf6 37. Rxa5+ Ke6) 35. Bxc5 bxc3 36. bxc3 Kf5 {[#]} (36... Rf1 $11) 37. Rxf7 (37. Bd4 $1 $16) 37... Rxf6 $11 {The position is equal.} 38. Rxf6+ Kxf6 $16 {KR-KB} 39. Bd4+ Kf5 40. Kc4 Ra1 41. Kb3 Kxf4 42. a3 Ke4 43. h4 Kd5 44. Bf6 {Hoping for c4+.} Rb1+ (44... Rf1 {is interesting.} 45. Bd8 Rb1+ 46. Ka4 Kc4 47. Bf6 Rb5) 45. Ka4 $1 Kc4 46. Kxa5 Rb7 47. Bd4 Rb5+ 48. Ka6 Rh5 49. a4 Rxh4 50. a5 Rh6+ 51. Kb7 Kb5 52. Bb6 Rc6 53. Kb8 Rxc3 54. Kb7 Rc6 55. Ka7 {[%mdl 32768] Accuracy: White = 43%, Black = 54%. . Sensor Board Error (Ke4/e5)?} 0-1

[Event "16th Deltalift Open 2019"]
[Site "Halmstad"]
[Date "2019.05.30"]
[Round "3.1"]
[White "Jobava, Baadur"]
[Black "Crevatin, Leo"]
[Result "1/2-1/2"]
[WhiteElo "2618"]
[BlackElo "2210"]
[Annotator "TA"]
[PlyCount "93"]
[EventDate "2019.05.30"]
[EventType "swiss"]
[EventCountry "SWE"]
[SourceTitle "playchess.com"]
[Source "ChessBase"]
[SourceQuality "1"]

{[%evp 9,93,10,13,14,27,12,23,-16,-20,-20,-2,-33,-33,-12,0,0,0,0,0,0,-3,-31,-19,-19,-24,-47,-52,-70,0,-5,-16,-42,-53,-96,-85,-71,-25,-31,34,30,51,41,41,54,50,45,62,0,0,0,0,0,0,0,0,0,0,0,0,0,13,9,99,107,102,102,98,80,106,66,45,0,0,0,0,-93,-37,-43,-54,-60,0,0,0,-127,0,0]} 1. d4 d5 2. Nc3 Nf6 3. Bf4 a6 4. e3 Bf5 5. Bd3 Bxd3 6. cxd3 {D00: 1 d4 d5: Unusual lines} e6 7. Nf3 Bd6 8. O-O $146 {White has an edge.} ({Predecessor:} 8. Bg5 Nbd7 9. O-O h6 10. Bh4 O-O 11. e4 Be7 {½-½ (67) Carlsen,M (2832)-Nakamura,H (2785) Stavanger 2017}) 8... Bxf4 9. exf4 O-O 10. Re1 Nc6 11. Rc1 Nd7 12. Na4 Qf6 13. g3 Rfd8 14. Rxc6 bxc6 15. Qc2 c5 16. Nxc5 Nxc5 17. Qxc5 Rdb8 18. b3 a5 (18... Qd8 $15) 19. Ne5 $36 {[%mdl 2048] With the idea Nd7. White is more active.} Re8 20. a4 Qe7 21. Qxe7 Rxe7 $15 {[%mdl 4096] Endgame KRR-KRN} 22. Rc1 {[#]} c5 $1 {[%mdl 512]} 23. dxc5 (23. Rxc5 Rb7) 23... Rb7 (23... Rc7 $15) 24. c6 $14 Rc7 25. Nf3 $1 Ra6 26. Nd4 f6 27. Re1 Re7 28. Nf5 (28. f5 $14 e5 29. f4) 28... Re8 $1 $11 29. c7 Rc6 30. c8=Q {[%mdl 64] Decoy} (30. c8=R {is more complex.} Rexc8 31. Ne7+ Kf7 32. Nxc8 Rxc8 33. d4) 30... Rexc8 31. Ne7+ {[%mdl 64] Double Attack} Kf7 32. Nxc8 Rxc8 {KR-KR} 33. Rb1 Rc3 34. d4 Rd3 35. b4 {[%cal Bb3b4,Bb4b5,Bb5b6][%mdl 32]} Rxd4 {[#]} (35... axb4 $1 $11 36. Rxb4 Ra3) 36. b5 $1 $16 {[%cal Rb5b6] Strongly threatening b6.} Rc4 ({Don't go for} 36... Rxa4 $2 37. b6 $18) 37. b6 {Black must now prevent b7.} Rc8 38. Kf1 Rb8 39. Ke2 Ke7 40. Kd3 (40. f5 $5) 40... Kd6 41. f5 e5 $1 42. f4 (42. b7 $11 {remains equal.}) 42... Kc6 $17 {And now ...e4+ would win.} 43. fxe5 fxe5 44. Rc1+ Kd6 (44... Kxb6 $15 45. g4 Rb7) 45. Rb1 $1 $11 Kc6 46. Re1 (46. Rc1+ $11 Kxb6 47. g4) 46... Kd6 ({Don't play} 46... Rxb6 $6 47. Rxe5 Rb3+ 48. Kd2 $11) (46... e4+ $17 47. Kd4 Rxb6) 47. Rb1 {Accuracy: White = 58%, Black = 55%.} 1/2-1/2

[Event "16th Deltalift Open 2019"]
[Site "Halmstad"]
[Date "2019.05.30"]
[Round "3.2"]
[White "Silseth, Simon"]
[Black "Hector, Jonny"]
[Result "0-1"]
[WhiteElo "2268"]
[BlackElo "2488"]
[Annotator "ChessBase"]
[PlyCount "122"]
[EventDate "2019.05.30"]
[EventType "swiss"]
[EventCountry "SWE"]
[SourceTitle "playchess.com"]
[Source "ChessBase"]
[SourceQuality "1"]
[TimeControl "1800+12"]

1. e4 {[%emt 0:00:00]} e5 {[%emt 0:00:00]} 2. Bc4 {[%emt 0:00:10]} Nf6 {[%emt 0:00:00]} 3. d3 {[%emt 0:00:02]} c6 {[%emt 0:00:09]} 4. Nf3 {[%emt 0:00:14]} d5 {[%emt 0:00:04]} 5. Bb3 {[%emt 0:00:15]} a5 {[%emt 0:00:28]} 6. a3 {[%emt 0:00:38]} a4 {[%emt 0:00:06]} 7. Ba2 {[%emt 0:00:20]} Bd6 {[%emt 0:00:09]} 8. Nc3 {[%emt 0:00:19]} Be6 {[%emt 0:00:11]} 9. exd5 {[%emt 0:00:44]} cxd5 {[%emt 0:00:17]} 10. d4 {[%emt 0:00:53]} e4 {[%emt 0:00:30]} 11. Ne5 {[%emt 0:00:18]} Nc6 {[%emt 0:00:53]} 12. Be3 {[%emt 0:04:37]} Nxe5 {[%emt 0:02:06]} 13. dxe5 {[%emt 0:00:02]} Bxe5 {[%emt 0:00:05]} 14. Bd4 {[%emt 0:00:09]} Qc7 {[%emt 0:01:21]} 15. Qd2 {[%emt 0:00:37]} Bxd4 {[%emt 0:00:25]} 16. Qxd4 {[%emt 0:00:03]} O-O {[%emt 0:00:25]} 17. h3 {[%emt 0:01:56]} Rfd8 {[%emt 0:01:35]} 18. O-O {[%emt 0:01:03]} Nh5 {[%emt 0:00:46]} 19. Rfe1 {[%emt 0:05:38]} Nf4 {[%emt 0:01:15]} 20. Rad1 {[%emt 0:01:51]} Rd7 {[%emt 0:04:29]} 21. Re3 {[%emt 0:03:26]} Ra5 {[%emt 0:03:41]} 22. Nxa4 {[%emt 0:04:15]} Qxc2 {[%emt 0:00:37]} 23. Nb6 {[%emt 0:00:09]} Rd8 {[%emt 0:03:22]} 24. Rd2 {[%emt 0:00:49]} Qc1+ {[%emt 0:00:45]} 25. Rd1 {[%emt 0:00:15]} Qc2 {[%emt 0:02:41]} 26. Rd2 {[%emt 0:00:37]} Qc7 {[%emt 0:00:03]} 27. Rxe4 {[%emt 0:01:01]} Rc5 {[%emt 0:00:06]} 28. Re1 {[%emt 0:01:35]} Nxh3+ {[%emt 0:02:30]} 29. gxh3 {[%emt 0:00:05]} Qxb6 {[%emt 0:00:03]} 30. b4 {[%emt 0:01:06]} Rc6 {[%emt 0:00:32]} 31. Qxb6 {[%emt 0:00:10]} Rxb6 {[%emt 0:00:02]} 32. Red1 {[%emt 0:00:18]} Kf8 {[%emt 0:00:22]} 33. Rd3 {[%emt 0:00:07]} Rbd6 {[%emt 0:00:20]} 34. Rd4 {[%emt 0:00:07]} Bxh3 {[%emt 0:01:00]} 35. Rxd5 {[%emt 0:00:07]} Rxd5 {[%emt 0:00:15]} 36. Rxd5 {[%emt 0:00:07]} Ra8 {[%emt 0:00:17]} 37. Rd3 {[%emt 0:00:11]} Bf5 {[%emt 0:00:32]} 38. Rf3 {[%emt 0:00:13]} g6 {[%emt 0:00:08]} 39. Bd5 {[%emt 0:00:09]} Ra7 {[%emt 0:00:16]} 40. Rc3 {[%emt 0:00:03]} b6 {[%emt 0:00:24]} 41. Rc6 {[%emt 0:00:29]} Rxa3 {[%emt 0:00:23]} 42. Rxb6 {[%emt 0:00:03]} Rd3 {[%emt 0:00:08]} 43. Rb8+ {[%emt 0:00:21]} Kg7 {[%emt 0:00:12]} 44. Bc4 {[%emt 0:00:11]} Rd4 {[%emt 0:00:06]} 45. Bb3 {[%emt 0:00:08]} Be4 {[%emt 0:00:07]} 46. b5 {[%emt 0:00:14]} Rb4 {[%emt 0:00:12]} 47. Ba2 {[%emt 0:00:08]} g5 {[%emt 0:00:26]} 48. Re8 {[%emt 0:00:11]} f5 {[%emt 0:00:33]} 49. Re7+ {[%emt 0:00:19]} Kg6 {[%emt 0:00:29]} 50. Re6+ {[%emt 0:00:17]} Kh5 {[%emt 0:00:02]} 51. Re5 {[%emt 0:00:08]} Ra4 {[%emt 0:00:25]} 52. f3 {[%emt 0:00:40]} Rxa2 {[%emt 0:00:46]} 53. fxe4 {[%emt 0:00:02]} fxe4 {[%emt 0:00:15]} 54. Rxe4 {[%emt 0:01:08]} Rb2 {[%emt 0:00:02]} 55. Re7 {[%emt 0:00:09]} h6 {[%emt 0:00:02]} 56. Rb7 {[%emt 0:00:04]} Kg4 {[%emt 0:00:03]} 57. b6 {[%emt 0:00:06]} h5 {[%emt 0:00:03]} 58. Rb8 {[%emt 0:00:04]} Kg3 {[%emt 0:00:03]} 59. Kf1 {[%emt 0:00:02]} g4 {[%emt 0:00:05]} 60. b7 {[%emt 0:00:09]} h4 {[%emt 0:00:03]} 61. Ke1 {[%emt 0:00:10]} h3 {[%emt 0:00:05]} 0-1

[Event "16th Deltalift Open 2019"]
[Site "Halmstad"]
[Date "2019.05.30"]
[Round "3.3"]
[White "Cramling, Pia"]
[Black "Carlsson, Ludvig"]
[Result "1-0"]
[WhiteElo "2454"]
[BlackElo "2208"]
[Annotator "ChessBase"]
[PlyCount "87"]
[EventDate "2019.05.30"]
[EventType "swiss"]
[EventCountry "SWE"]
[SourceTitle "playchess.com"]
[Source "ChessBase"]
[SourceQuality "1"]
[TimeControl "1800+12"]

1. c4 {[%emt 0:00:00]} b6 {[%emt 0:00:00]} 2. Nc3 {[%emt 0:00:10]} Bb7 {[%emt 0:00:01]} 3. e4 {[%emt 0:00:03]} e5 {[%emt 0:00:05]} 4. Nf3 {[%emt 0:00:18]} Nc6 {[%emt 0:01:06]} 5. a3 {[%emt 0:00:04]} a5 {[%emt 0:01:41]} 6. d4 {[%emt 0:00:06]} exd4 {[%emt 0:01:22]} 7. Nxd4 {[%emt 0:00:03]} Nxd4 {[%emt 0:01:29]} 8. Qxd4 {[%emt 0:00:03]} Ne7 {[%emt 0:00:05]} 9. Be3 {[%emt 0:01:07]} Nc6 {[%emt 0:00:04]} 10. Qd2 {[%emt 0:00:02]} Bc5 {[%emt 0:00:14]} 11. Be2 {[%emt 0:00:08]} O-O {[%emt 0:01:31]} 12. O-O {[%emt 0:00:12]} Bxe3 {[%emt 0:02:31]} 13. Qxe3 {[%emt 0:00:03]} d6 {[%emt 0:00:02]} 14. b3 {[%emt 0:01:08]} h6 {[%emt 0:00:20]} 15. Rad1 {[%emt 0:00:24]} Rc8 {[%emt 0:01:23]} 16. Bg4 {[%emt 0:01:00]} Rb8 {[%emt 0:00:30]} 17. f4 {[%emt 0:00:14]} Re8 {[%emt 0:01:01]} 18. Qg3 {[%emt 0:00:29]} Bc8 {[%emt 0:01:47]} 19. Bf3 {[%emt 0:00:59]} Re6 {[%emt 0:00:56]} 20. e5 {[%emt 0:01:00]} Ne7 {[%emt 0:00:44]} 21. Qf2 {[%emt 0:01:40]} c6 {[%emt 0:04:24]} 22. Ne4 {[%emt 0:01:04]} Nf5 {[%emt 0:01:13]} 23. Bg4 {[%emt 0:01:43]} Rg6 {[%emt 0:00:12]} 24. Bxf5 {[%emt 0:01:28]} Bxf5 {[%emt 0:00:05]} 25. Nxd6 {[%emt 0:00:11]} Bg4 {[%emt 0:01:15]} 26. Rd3 {[%emt 0:01:32]} Qe7 {[%emt 0:00:57]} 27. Re1 {[%emt 0:01:45]} Bc8 {[%emt 0:01:43]} 28. f5 {[%emt 0:02:04]} Rg5 {[%emt 0:00:16]} 29. Rf3 {[%emt 0:02:33]} c5 {[%emt 0:01:38]} 30. Ne4 {[%emt 0:01:41]} Rg4 {[%emt 0:00:10]} 31. Rg3 {[%emt 0:00:57]} Rxg3 {[%emt 0:00:09]} 32. Nxg3 {[%emt 0:00:29]} Qg5 {[%emt 0:00:43]} 33. Qe3 {[%emt 0:01:53]} Qg4 {[%emt 0:01:30]} 34. h3 {[%emt 0:01:04]} Qh4 {[%emt 0:00:06]} 35. Rd1 {[%emt 0:00:21]} Rb7 {[%emt 0:01:07]} 36. Rd5 {[%emt 0:04:30]} Bd7 {[%emt 0:00:34]} 37. Qd3 {[%emt 0:00:18]} Bc6 {[%emt 0:00:54]} 38. Rd8+ {[%emt 0:00:03]} Kh7 {[%emt 0:00:03]} 39. Rd6 {[%emt 0:00:46]} Rd7 {[%emt 0:01:19]} 40. f6+ {[%emt 0:00:24]} Kg8 {[%emt 0:00:02]} 41. Kh2 {[%emt 0:00:58]} Rxd6 {[%emt 0:02:22]} 42. Qxd6 {[%emt 0:00:02]} Be4 {[%emt 0:00:02]} 43. fxg7 {[%emt 0:00:21]} Kxg7 {[%emt 0:00:34]} 44. Qf6+ {[%emt 0:00:10]} 1-0

[Event "16th Deltalift Open 2019"]
[Site "Halmstad"]
[Date "2019.05.30"]
[Round "3.4"]
[White "Johnson, Daniel"]
[Black "Sjodahl, Pontus"]
[Result "0-1"]
[WhiteElo "2233"]
[BlackElo "2435"]
[Annotator "ChessBase"]
[PlyCount "116"]
[EventDate "2019.05.30"]
[EventType "swiss"]
[EventCountry "SWE"]
[SourceTitle "playchess.com"]
[Source "ChessBase"]
[SourceQuality "1"]
[TimeControl "1800+12"]

1. d4 {[%emt 0:02:03]} Nf6 {[%emt 0:00:00]} 2. c4 {[%emt 0:00:02]} e6 {[%emt 0:00:00]} 3. Nc3 {[%emt 0:00:02]} Bb4 {[%emt 0:00:02]} 4. Qc2 {[%emt 0:00:02]} O-O {[%emt 0:00:55]} 5. Nf3 {[%emt 0:00:05]} d5 {[%emt 0:01:23]} 6. cxd5 {[%emt 0:00:12]} exd5 {[%emt 0:00:58]} 7. Bg5 {[%emt 0:00:41]} Qd6 {[%emt 0:01:07]} 8. e3 {[%emt 0:03:58]} Ne4 {[%emt 0:03:49]} 9. Bf4 {[%emt 0:01:01]} Qe7 {[%emt 0:00:54]} 10. Bd3 {[%emt 0:01:51]} Bf5 {[%emt 0:02:29]} 11. O-O {[%emt 0:01:37]} Rd8 {[%emt 0:02:14]} 12. Ne2 {[%emt 0:08:22]} Bd6 {[%emt 0:02:33]} 13. Bxd6 {[%emt 0:01:54]} Rxd6 {[%emt 0:00:09]} 14. Rfc1 {[%emt 0:02:44]} c6 {[%emt 0:01:25]} 15. Ng3 {[%emt 0:00:56]} Nxg3 {[%emt 0:01:13]} 16. hxg3 {[%emt 0:00:05]} Bxd3 {[%emt 0:00:14]} 17. Qxd3 {[%emt 0:00:02]} a5 {[%emt 0:01:27]} 18. Re1 {[%emt 0:05:38]} Re6 {[%emt 0:00:32]} 19. Ne5 {[%emt 0:01:44]} Na6 {[%emt 0:01:40]} 20. Rac1 {[%emt 0:00:19]} Nc7 {[%emt 0:01:15]} 21. Qb3 {[%emt 0:00:20]} Nb5 {[%emt 0:00:43]} 22. a4 {[%emt 0:00:12]} Nd6 {[%emt 0:00:03]} 23. Qa3 {[%emt 0:00:10]} h5 {[%emt 0:00:19]} 24. Nf3 {[%emt 0:00:26]} Re8 {[%emt 0:01:35]} 25. Qc3 {[%emt 0:00:18]} Qd8 {[%emt 0:00:17]} 26. b3 {[%emt 0:00:08]} Ne4 {[%emt 0:00:16]} 27. Qb2 {[%emt 0:00:17]} Qb6 {[%emt 0:01:14]} 28. Qe2 {[%emt 0:00:11]} Qb4 {[%emt 0:00:26]} 29. Ne5 {[%emt 0:00:11]} g6 {[%emt 0:00:29]} 30. Nd3 {[%emt 0:00:12]} Qb6 {[%emt 0:00:30]} 31. Nf4 {[%emt 0:00:14]} R6e7 {[%emt 0:00:08]} 32. Qc2 {[%emt 0:00:13]} Kg7 {[%emt 0:00:33]} 33. Rb1 {[%emt 0:00:10]} Rh8 {[%emt 0:01:31]} 34. b4 {[%emt 0:00:02]} axb4 {[%emt 0:00:09]} 35. Nd3 {[%emt 0:00:16]} Ra8 {[%emt 0:00:47]} 36. Rxb4 {[%emt 0:00:06]} Qd8 {[%emt 0:00:22]} 37. Reb1 {[%emt 0:00:02]} Ra7 {[%emt 0:00:08]} 38. Nc5 {[%emt 0:00:18]} Nd6 {[%emt 0:00:12]} 39. Nd3 {[%emt 0:00:27]} Nc4 {[%emt 0:00:25]} 40. Qe2 {[%emt 0:00:12]} Qa8 {[%emt 0:00:17]} 41. Nc5 {[%emt 0:00:16]} Nd6 {[%emt 0:00:51]} 42. Qc2 {[%emt 0:00:06]} Qc8 {[%emt 0:00:30]} 43. Qe2 {[%emt 0:00:16]} Qf5 {[%emt 0:00:12]} 44. Qf3 {[%emt 0:00:12]} Qc8 {[%emt 0:00:36]} 45. Qe2 {[%emt 0:00:07]} Nc4 {[%emt 0:00:10]} 46. Nd3 {[%emt 0:00:16]} b6 {[%emt 0:00:53]} 47. Rc1 {[%emt 0:00:13]} Qe8 {[%emt 0:00:20]} 48. Nb2 {[%emt 0:00:07]} c5 {[%emt 0:00:48]} 49. dxc5 {[%emt 0:00:13]} bxc5 {[%emt 0:00:01]} 50. Rb3 {[%emt 0:00:16]} Kg8 {[%emt 0:00:37]} 51. Nxc4 {[%emt 0:00:09]} dxc4 {[%emt 0:00:02]} 52. Qxc4 {[%emt 0:00:05]} Qxa4 {[%emt 0:00:19]} 53. Rb8+ {[%emt 0:00:09]} Kg7 {[%emt 0:00:12]} 54. Qc3+ {[%emt 0:00:04]} f6 {[%emt 0:00:05]} 55. Qxc5 {[%emt 0:00:20]} Qd7 {[%emt 0:00:12]} 56. Qc4 {[%emt 0:00:12]} Qe6 {[%emt 0:00:06]} 57. Qf4 {[%emt 0:00:23]} Qe5 {[%emt 0:00:22]} 58. Qc4 {[%emt 0:00:06]} Qxb8 {[%emt 0:00:04]} 0-1